000 00475nam a2200193Ia 4500
005 20250603145418.0
008 250603s9999 xx 000 0 und d
020 _a9780323449199
050 _aRJ 45 .N45/
100 _aKliegman, Robert M...[et al.].
245 0 _aNelson textbook of pediatrics (Vol. 2)
250 _a20th ed.
260 _aPhiladelphia
260 _bElsevier
260 _c2016
300 _a1757 - 3473 p
650 _aPhiladelphia
942 _cBK
999 _c41784
_d41784